[Event "9.Offene Senioren SH 2015"]
[Site "Buesum"]
[Date "2015.10.04"]
[Round "6.27"]
[White "Bullert, Wolfgang"]
[Black "Berenstein, Alexander"]
[Result "1/2-1/2"]
[BlackElo "2030"]
[BlackTeam "SV VHS Rendsburg"]
[WhiteElo "1923"]
[WhiteTeam "SV Potsdam Mitte"]

1. e4 e6 2. Nf3 Ne7 3. b4 d5 4. e5 a6 5. d4 b6 6. Bd3 c5 7. c3 Ng6 8. h4 Be7 9.
h5 Nf8 10. a3 Bb7 11. Be3 Nfd7 12. Qd2 h6 13. Rh3 Bc6 14. Rg3 Bf8 15. Nh2 c4 16.
Bc2 a5 17. b5 Bxb5 18. a4 Ba6 19. Rh3 Nc6 20. f4 Ne7 21. g4 Qc7 22. f5 O-O-O 23.
Nf3 Kb7 24. Nh4 exf5 25. gxf5 Ka8 26. Bf4 Qc6 27. Re3 Ka7 28. Nf3 Nb8 29. Qe2
Bc8 30. Nh4 Bd7 31. Na3 Qc8 32. Nb5+ Bxb5 33. axb5 Qd7 34. Rb1 Qb7 35. Nf3 Nc8
36. Bg3 Be7 37. Bf4 Ka8 38. Qg2 Rdg8 39. Ke2 Na7 40. Ke1 Bd8 41. Nd2 Bh4+ 42.
Ke2 Rc8 43. Rh3 Bg5 44. Bxg5 hxg5 45. Qxg5 Rhg8 46. Qg2 Qd7 47. Rg3 Rh8 48. Qf3
Rhg8 49. h6 Nxb5 50. h7 Rge8 51. Rh1 Nc6 52. e6 fxe6 53. Kf2 Nbxd4 54. Qg2 Nxc2
55. Rxg7 Qd6 56. Rg8 Qf4+ 57. Kg1 Ne5 58. h8=Q Qe3+ 59. Kh2 Qf4+ 60. Kg1 Qe3+
61. Kh2 Qf4+  1/2-1/2

[Event "9.Offene Senioren SH 2015"]
[Site "Buesum"]
[Date "2015.10.04"]
[Round "6.28"]
[White "Strenzke, Guenter, Dr."]
[Black "Liphardt, Bodo"]
[Result "1-0"]
[BlackElo "1892"]
[BlackTeam "SC Novartis Basel"]
[WhiteElo "2018"]
[WhiteTeam "SCC Palame"]

1. d4 d5 2. Nf3 Nc6 3. e3 Bg4 4. Nbd2 e6 5. Be2 Nf6 6. O-O Bd6 7. c4 O-O 8. b3
Ne4 9. Nxe4 dxe4 10. Nd2 Bxe2 11. Qxe2 f5 12. f3 Qh4 13. g3 Qh5 14. Qg2 Nb4 15.
Nb1 exf3 16. Qd2 Rad8 17. a3 Nc6 18. Qf2 g5 19. Qxf3 g4 20. Qe2 e5 21. d5 Ne7
22. Bb2 e4 23. Qd2 Ng6 24. Qd4 Rd7 25. Rf2 b6 26. b4 Qh3 27. Qd1 Be5 28. Bd4 Re7
29. Nc3 Bxd4 30. Qxd4 Ne5 31. Kh1 Nf3 32. Qd1 Qh6 33. Qc1 Qf6 34. Ne2 h5 35. Qc3
h4 36. Qxf6 Rxf6 37. gxh4 Rh7 38. Ra2 Rxh4 39. Ng3 Rf7 40. c5 Rh3 41. d6 bxc5
42. bxc5 cxd6 43. cxd6 Rfh7 44. Rg2 Rb7 45. Rab2 Nxh2 46. Kg1 Nf3+ 47. Kf1 Rxb2
48. Rxb2 Rxg3 49. d7 Rg1+ 50. Ke2 Rg2+ 51. Kd1 Rxb2 52. d8=Q+ Kg7 53. Qe7+ Kg6
54. Qe8+ Kg7 55. Qe7+ Kg6 56. Qe6+ Kg7 57. Qxf5 Rd2+ 58. Kc1 Rg2 59. Qxe4 Rg1+
60. Kc2 Rg2+ 61. Kc3 Kf6 62. Qf4+ Ke6 63. e4 Ne5 64. Qf5+  1-0

[Event "9.Offene Senioren SH 2015"]
[Site "Buesum"]
[Date "2015.10.04"]
[Round "6.30"]
[White "Lehmann, Erwin"]
[Black "Lueders, Guenter, Dr."]
[Result "1-0"]
[BlackElo "1796"]
[BlackTeam "TSV Benshausen"]
[WhiteElo "2001"]
[WhiteTeam "Ahrensburger TSV"]

1. c4 c5 2. g3 g6 3. Bg2 Bg7 4. Nc3 Nc6 5. Nf3 Nf6 6. d4 cxd4 7. Nxd4 a6 8. O-O
O-O 9. Nc2 d6 10. Bg5 Qa5 11. Qd2 Re8 12. a3 Ng4 13. Nd5 Qd8 14. h3 Nge5 15. b3
Nd7 16. Rab1 Nb6 17. Kh2 Rb8 18. Be3 Nxd5 19. cxd5 Ne5 20. Ba7 Ra8 21. Bd4 Nd7
22. Bxg7 Kxg7 23. e4 Nf6 24. Qd4 Kg8 25. Ne3 Bd7 26. f4 h5 27. e5 Nh7 28. e6 Bb5
29. exf7+ Kxf7 30. Rf2 Rc8 31. a4 Bd7 32. Be4 Nf6 33. Bd3 Rc7 34. Ng2 Qc8 35.
Nh4 Rg8 36. Nf3 Ke8 37. Re1 Bxh3 38. Qxf6 Bf5 39. Bxf5 gxf5 40. Qxd6 Kf8 41.
Qh6+  1-0

[Event "9.Offene Senioren SH 2015"]
[Site "Buesum"]
[Date "2015.10.04"]
[Round "6.31"]
[White "Fritsch, Juergen, Dr."]
[Black "Niebuhr, Gerd"]
[Result "1/2-1/2"]
[BlackElo "1999"]
[BlackTeam "Freibauer Wedemark"]
[WhiteElo "1868"]
[WhiteTeam "SK Lister Turm"]

1. e4 e5 2. Nf3 Nc6 3. Bb5 f5 4. d3 fxe4 5. dxe4 Nf6 6. O-O d6 7. Nc3 Be7 8. Qe2
Bg4 9. Be3 a6 10. Bxc6+ bxc6 11. h3 Bh5 12. Bg5 Qd7 13. Rad1 Qe6 14. Qe3 h6 
1/2-1/2

[Event "9.Offene Senioren SH 2015"]
[Site "Buesum"]
[Date "2015.10.04"]
[Round "6.32"]
[White "Mewes, Hans-Dieter"]
[Black "Ophoff, Rigobert"]
[Result "1/2-1/2"]
[BlackElo "2009"]
[BlackTeam "Rhedaer SV"]
[WhiteElo "1929"]
[WhiteTeam "TV Meckelfeld"]

1. c4 e5 2. g3 Nf6 3. Bg2 Nc6 4. Nc3 Bc5 5. h3 O-O 6. d3 d6 7. Bg5 h6 8. Bxf6
Qxf6 9. Ne4 Qe7 10. Nxc5 dxc5 11. a3 Qd6 12. Nf3 Be6 13. O-O Rad8 14. Qc2 a5 15.
Rac1 b6 16. Rfd1 Nd4 17. Nxd4 exd4 18. Qd2 Rfe8 19. Rf1  1/2-1/2

[Event "9.Offene Senioren SH 2015"]
[Site "Buesum"]
[Date "2015.10.04"]
[Round "6.33"]
[White "Schwertel, Johann"]
[Black "Perk, Egbert"]
[Result "1-0"]
[BlackElo "1916"]
[BlackTeam "SK Lister Turm"]
[WhiteElo "1991"]
[WhiteTeam "SV Koblenz"]

1. d4 Nf6 2. Nf3 d5 3. c3 e6 4. Bg5 Bd6 5. e3 Nbd7 6. Nbd2 c5 7. Bd3 Qb6 8. Rb1
a5 9. O-O O-O 10. Re1 h6 11. Bh4 e5 12. dxe5 Nxe5 13. Nxe5 Bxe5 14. Nf3 Bc7 15.
Bg3 Bxg3 16. hxg3 Bg4 17. Qa4 Rfe8 18. Nh2 Bd7 19. Qh4 Ne4 20. Red1 Re5 21. Nf1
Rae8 22. f4 R5e7 23. Bxe4 dxe4 24. Rd5 f6 25. Qh5 Be6 26. Rd2 f5 27. Rbd1 Bc8
28. Rd6 Qc7 29. Qe2 Bd7 30. Qc4+ Be6 31. Qb5 Kf7 32. R1d2 g5 33. fxg5 hxg5 34.
Kf2 Qc8 35. Qxa5 Rd7 36. Qb6 Rxd6 37. Qxd6 Re7 38. Qb6 Rd7 39. Rd6 Rxd6 40. Qxd6
Qd7 41. Qxd7+ Bxd7 42. Nd2 c4 43. g4 f4 44. Nxe4 fxe3+ 45. Kxe3 Kg6 46. Kf3 Bc6
47. Ke3 Bd7 48. Nd6 b5 49. g3 Kf6 50. Kd4 Ke6 51. Kc5  1-0

[Event "9.Offene Senioren SH 2015"]
[Site "Buesum"]
[Date "2015.10.04"]
[Round "6.34"]
[White "Kuehn, Peter"]
[Black "Fleischer, Martin"]
[Result "0-1"]
[BlackElo "1872"]
[BlackTeam "SV Einheit Schwerin"]
[WhiteElo "1985"]
[WhiteTeam "SV Malchow"]

1. e4 e6 2. d4 d5 3. Nd2 Nf6 4. e5 Nfd7 5. Bd3 c5 6. c3 Nc6 7. Ne2 Be7 8. O-O
Qb6 9. Nf3 h6 10. h3 Nf8 11. dxc5 Bxc5 12. b4 Be7 13. a4 Qd8 14. Nf4 g6 15. b5
Na5 16. Ba3 Bxa3 17. Rxa3 Qe7 18. Ra2 b6 19. Qe2 Bb7 20. Nd2 Nd7 21. Bxg6 Rg8
22. Bb1 Qg5 23. Qf3 Nxe5 24. Qg3 Qxg3 25. fxg3 Rxg3 26. Re1 Nac4 27. Nxc4 Nxc4
28. Nh5 Rxc3 29. Nf6+ Ke7 30. Rf1 Ne3  0-1

[Event "9.Offene Senioren SH 2015"]
[Site "Buesum"]
[Date "2015.10.04"]
[Round "6.35"]
[White "Moeller, Peter, Prof."]
[Black "Gudat, Alfons"]
[Result "0-1"]
[BlackElo "1969"]
[BlackTeam "SK Oldenburg"]
[WhiteElo "1735"]
[WhiteTeam "ASV Wismar"]

1. d4 Nf6 2. Nf3 e6 3. c3 b6 4. Bg5 Be7 5. Nbd2 Bb7 6. e3 O-O 7. Bd3 h6 8. Bxf6
Bxf6 9. O-O d6 10. e4 Nd7 11. Rc1 e5 12. d5 c6 13. c4 Rc8 14. Qa4 Nc5 15. Qc2 a5
16. Nb3 cxd5 17. Nxc5 Rxc5 18. b4 axb4 19. Qb3 dxe4 20. Bxe4 Bxe4 21. Nd2 Bg6
22. Qxb4 Bg5 23. Rcd1 Qc7 24. Nf3 Be7 25. Rc1 b5 26. Nd2 Bd3 27. Nb3 Rxc4 28.
Rxc4 bxc4 29. Rc1 Qb8 30. Qxb8 Rxb8 31. Na5 Bg5 32. Ra1 Rb6 33. a4 Bd2 34. Nb7
Rxb7 35. h3 c3 36. a5 c2 37. a6 Rb1+ 38. Rxb1 cxb1=Q+  0-1

[Event "9.Offene Senioren SH 2015"]
[Site "Buesum"]
[Date "2015.10.04"]
[Round "6.36"]
[White "Juenger, Leonhard"]
[Black "Zimmermann, Manfred"]
[Result "0-1"]
[BlackElo "1957"]
[BlackTeam "Kieler SG"]
[WhiteElo "1826"]
[WhiteTeam "Aachener SV"]

1. e4 c5 2. Nc3 Nc6 3. f4 g6 4. Nf3 Bg7 5. Bb5 Nd4 6. Bc4 e6 7. O-O a6 8. a4 Ne7
9. Nxd4 cxd4 10. Ne2 d5 11. exd5 Nxd5 12. c3 Nb6 13. Bd3 dxc3 14. dxc3 O-O 15.
Be4 Qc7 16. Rf3 Rd8 17. Rd3 Rxd3 18. Qxd3 Bd7 19. Qf3 Bc6 20. Bxc6 bxc6 21. Nd4
Nd5 22. Be3 Rb8 23. Bc1 Qb6 24. Qf2 c5 25. Ne2 Qc7 26. g3 h5 27. Kg2 Qc6 28. Qf3
Qb7 29. h3 Qd7 30. Qd3 Qc6 31. Qf3 Qc7 32. g4 hxg4 33. hxg4 Ne7 34. Rb1 f5 35.
g5 Kf7 36. Be3 Rh8 37. Rd1 Rh4 38. Bf2 Rh8 39. Kg3 e5 40. Be3 e4 41. Qf2 Rc8 42.
Nc1 Qc6 43. Qc2 Nd5 44. Kf2 Rh8 45. Qb3 c4 46. Qa3 Bf8 47. b4 Rh2+ 48. Kg3 Nxe3
49. Re1 Ng4 50. Re2 Rh1 51. Qb2 e3 52. a5 Bd6 53. Rg2 Qc7 54. Ne2 Qd8 55. Qa2
Qc7 56. Kf3 Rf1+ 57. Kg3 Bxf4+ 58. Nxf4 Qxf4+  0-1

[Event "9.Offene Senioren SH 2015"]
[Site "Buesum"]
[Date "2015.10.04"]
[Round "6.37"]
[White "Bars, Joachim"]
[Black "Blosze, Winfried"]
[Result "0-1"]
[BlackElo "1846"]
[BlackTeam "SV Grossauheim"]
[WhiteElo "1945"]
[WhiteTeam "SV Heessen"]

1. d4 Nf6 2. c4 g6 3. Nc3 d5 4. Nf3 Bg7 5. e3 O-O 6. Qb3 c6 7. Bd2 a5 8. cxd5
cxd5 9. Bd3 Nc6 10. a3 Qd6 11. h3 e5 12. Nb5 Qe7 13. dxe5 Nxe5 14. Nxe5 Qxe5 15.
O-O Be6 16. Nd4 Ne4 17. Bxe4 dxe4 18. Nxe6 Qxe6 19. Qxe6 fxe6 20. Rab1 Rfc8 21.
Rfc1 Rxc1+ 22. Bxc1 Rc8 23. b3 Rc2 24. a4 Bc3 25. Ba3 Bb4 26. Bb2 h5 27. Be5 Kf7
28. g4 Rc5 29. Bd6 Rc3 30. Be5 Rc5 31. Bg3 hxg4 32. hxg4 Rc3 33. g5 Be7 34. Kg2
Bxg5 35. Be5 Rd3 36. Kg3 Be7 37. Kg4 Rd5 38. Bf4 e5 39. Bg3 Ke6 40. Rc1 Rd3 41.
Rc4 Rxb3 42. Rxe4 Bd6 43. f4 Kd5 44. Kf3 Rb4 45. Rxb4 axb4 46. e4+ Ke6 47. Be1
exf4 48. Ke2 b3 49. Bc3 Be5  0-1

[Event "9.Offene Senioren SH 2015"]
[Site "Buesum"]
[Date "2015.10.04"]
[Round "6.38"]
[White "Wittkugel, Friedhelm"]
[Black "Van Houten, Henk"]
[Result "1-0"]
[BlackElo "1729"]
[BlackTeam "SC Gronau"]
[EventDate "2015.??.??"]
[PlyCount "81"]
[WhiteElo "1944"]
[WhiteTeam "SV Kamen"]

1. d4 d5 2. Bg5 Nf6 3. Nd2 Ne4 4. Nxe4 dxe4 5. c3 Bf5 6. e3 Qd5 7. Bf4 c6 8. g4
Bg6 9. h4 h5 10. g5 Bf5 11. Qa4 b5 12. Qa5 Qd8 13. Bc7 Qc8 14. a4 Qa6 15. axb5
Qxa5 16. Rxa5 cxb5 17. Bxb8 Rxb8 18. Bxb5+ Kd8 19. b4 e6 20. Kd1 Bd6 21. Ba4 Rb7
22. Bc6 Rc7 23. b5 Ke7 24. Kd2 Rd8 25. Ne2 e5 26. Ng3 Bg6 27. Rha1 exd4 28. exd4
Bc5 29. Bxe4 Bb6 30. R5a3 Bc5 31. Rb3 Rcd7 32. Bxg6 fxg6 33. Ne2 Rf8 34. f4 Bd6
35. Rf1 Rb7 36. c4 Rf5 37. Rff3 Kd8 38. Kd3 Rbf7 39. Ke3 Re7+ 40. Kf2 Re4 41.
Ng3  1-0

[Event "9.Offene Senioren SH 2015"]
[Site "Buesum"]
[Date "2015.10.04"]
[Round "6.39"]
[White "Bordasch, Christian"]
[Black "Fuss, Jan"]
[Result "1/2-1/2"]
[BlackElo "1936"]
[BlackTeam "Herforder SV Koenigsspringer"]
[EventDate "2015.??.??"]
[PlyCount "89"]
[WhiteElo "1798"]
[WhiteTeam "SK Norderstedt"]

1. d4 Nf6 2. c4 e6 3. Nc3 d5 4. cxd5 exd5 5. Bg5 Nbd7 6. Nf3 c6 7. e3 Bd6 8. Bd3
h6 9. Bh4 O-O 10. O-O Re8 11. a3 b6 12. b4 Bb7 13. b5 c5 14. a4 Rc8 15. Ne2 Qc7
16. Bg3 Ne4 17. Bxd6 Qxd6 18. Rc1 Qe7 19. Nd2 Ndf6 20. Nxe4 Nxe4 21. Bb1 Rc7 22.
Ba2 c4 23. Nc3 Nf6 24. Bb1 Qd6 25. Bf5 g6 26. Bh3 Kg7 27. g3 Bc8 28. Bxc8 Rcxc8
29. Qc2 Qe6 30. Kg2 Ne4 31. Nxe4 Qxe4+ 32. Qxe4 Rxe4 33. Rc3 Rce8 34. Ra1 R4e6
35. Kf1 f5 36. Ke1 g5 37. f3 h5 38. Kf2 Kg6 39. f4 Ra8 40. fxg5 Kxg5 41. Kf3 a6
42. Rb1 Rd6 43. h4+ Kf6 44. bxa6 Rxa6 45. Rb4  1/2-1/2

[Event "9.Offene Senioren SH 2015"]
[Site "Buesum"]
[Date "2015.10.04"]
[Round "6.40"]
[White "Stecklina, Otto"]
[Black "Hilbig, Klaus"]
[Result "1-0"]
[BlackElo "1726"]
[BlackTeam "Ahrensburger TSV"]
[EventDate "2015.??.??"]
[PlyCount "135"]
[WhiteElo "1933"]
[WhiteTeam "Freibauer Wedemark"]

1. Nf3 Nf6 2. d4 g6 3. c4 Bg7 4. Nc3 O-O 5. e3 d6 6. Be2 Nc6 7. O-O e5 8. d5 Ne7
9. e4 Nh5 10. Bg5 f6 11. Be3 Nf4 12. Bxf4 exf4 13. Nd4 f5 14. exf5 Bxf5 15. Nxf5
Nxf5 16. Bg4 Nd4 17. Re1 Be5 18. Ne2 Nf5 19. Bxf5 Rxf5 20. Nd4 Rh5 21. Nf3 Bxb2
22. Rb1 Bc3 23. Re6 b6 24. Qc2 Bg7 25. Rbe1 Qd7 26. Qe4 Bh6 27. Re7 Qf5 28. Rxc7
Qf8 29. Qe6+ Kh8 30. Qd7 Qg8 31. Qxd6 Re8 32. Ree7 Rxe7 33. Qxe7 Rf5 34. Nd4 Bf8
35. Qe8 Rf6 36. Ne6 Bc5 37. Qxg8+ Kxg8 38. Nxc5 bxc5 39. Rxc5 Rb6 40. Rb5 Ra6
41. Rb2 Kf7 42. Kf1 Ke7 43. Ke2 Kd6 44. Kd3 g5 45. Kd4 Ra4 46. f3 h6 47. Re2 h5
48. h3 Rb4 49. Rc2 Ra4 50. Ke4 Ra3 51. Kf5 g4 52. hxg4 hxg4 53. Kxg4 Ke5 54. Kg5
Re3 55. c5 Kxd5 56. Kxf4 Re7 57. c6 Rc7 58. g4 Kd6 59. g5 Rf7+ 60. Kg4 Kc7 61.
f4 Rh7 62. f5 Rh1 63. f6 Rg1+ 64. Kf5 Rf1+ 65. Kg6 Rf3 66. Kg7 Kd8 67. g6 Ke8
68. c7  1-0

[Event "9.Offene Senioren SH 2015"]
[Site "Buesum"]
[Date "2015.10.04"]
[Round "6.41"]
[White "Kluger, Hans-Peter"]
[Black "Jung, Michael"]
[Result "1/2-1/2"]
[BlackElo "1828"]
[BlackTeam "SV Osnabrueck"]
[EventDate "2015.??.??"]
[PlyCount "21"]
[WhiteElo "2015"]
[WhiteTeam "SF Fallersleben"]

1. d4 d5 2. c4 c6 3. e3 a6 4. Nf3 Nf6 5. Be2 g6 6. O-O Bg7 7. Nc3 O-O 8. Bd2 b5
9. c5 Bg4 10. Ne5 Bxe2 11. Qxe2  1/2-1/2

[Event "9.Offene Senioren SH 2015"]
[Site "Buesum"]
[Date "2015.10.04"]
[Round "6.42"]
[White "Eberhardt, Michael"]
[Black "Meinke, Dietlind"]
[Result "1/2-1/2"]
[BlackElo "1931"]
[BlackTeam "MTV Leck"]
[EventDate "2015.??.??"]
[PlyCount "99"]
[WhiteElo "1795"]
[WhiteTeam "SC Agon Neumuenster"]

1. d4 Nf6 2. Bf4 e6 3. e3 c5 4. c3 Nc6 5. Nd2 d5 6. Ngf3 Be7 7. h3 O-O 8. Bd3
Re8 9. O-O h6 10. Ne5 Nxe5 11. Bxe5 Bd6 12. f4 Qe7 13. Nf3 Ne4 14. Qe1 Bd7 15.
Bxe4 dxe4 16. Bxd6 Qxd6 17. Ne5 Rac8 18. Rd1 c4 19. Qe2 b5 20. Qh5 Re7 21. Nxd7
Rxd7 22. f5 Qd5 23. Qg4 Re8 24. fxe6 Qxe6 25. Qxe6 Rxe6 26. Rf5 a6 27. Rdf1 f6
28. Rc5 g6 29. a4 Rb6 30. axb5 axb5 31. Ra1 Kf7 32. Ra8 h5 33. Ra5 Rdb7 34. d5
Ke7 35. Rc6 Rxc6 36. dxc6 Rb6 37. Ra7+ Kd8 38. Rd7+ Kc8 39. Rd6 Kc7 40. Rxf6
Rxc6 41. Rf7+ Kd6 42. Rb7 Kc5 43. Re7 Kd5 44. Rf7 Ke6 45. Rf2 Rd6 46. Rc2 Rd3
47. Kf2 h4 48. Re2 Kf5 49. Ke1 Ke5 50. Kf2  1/2-1/2

[Event "9.Offene Senioren SH 2015"]
[Site "Buesum"]
[Date "2015.10.04"]
[Round "6.43"]
[White "Schmidt, Reinhard"]
[Black "Nowack, Achim"]
[Result "1-0"]
[BlackElo "1798"]
[BlackTeam "SK Kaltenkirchen"]
[EventDate "2015.??.??"]
[PlyCount "101"]
[WhiteElo "1919"]
[WhiteTeam "SFO Warnemuende"]

1. e4 g6 2. d4 Bg7 3. Nc3 e6 4. f4 Ne7 5. Nf3 d6 6. Be2 O-O 7. Be3 a5 8. Qd2 a4
9. O-O-O a3 10. b3 b6 11. g4 c5 12. dxc5 bxc5 13. Bxc5 Qa5 14. Bd4 e5 15. fxe5
dxe5 16. Bf2 Nbc6 17. Nd5 Bxg4 18. Qxa5 Rxa5 19. Nxe7+ Nxe7 20. Bb6 Raa8 21. Bc5
Bf6 22. Rhf1 Bxf3 23. Rxf3 Bg5+ 24. Kb1 Rfd8 25. Rg1 Rac8 26. Bxa3 Bh4 27. Bc4
Rxc4 28. bxc4 Nc6 29. Rd3 Rb8+ 30. Rb3 Rd8 31. Rb6 Na5 32. c5 Nc4 33. Ra6 Bf2
34. Rh1 Be3 35. Bb4 Rb8 36. c3 Bxc5 37. Kc2 Bf2 38. a4 Rd8 39. a5 h5 40. Rc6
Ne3+ 41. Kb3 g5 42. Bc5 Rb8+ 43. Ka4 g4 44. a6 h4 45. Bd6 Ra8 46. Bxe5 g3 47.
hxg3 Ng4 48. Bf4 hxg3 49. Bxg3 Ba7 50. Rh4 Nf2 51. Be5  1-0

[Event "9.Offene Senioren SH 2015"]
[Site "Buesum"]
[Date "2015.10.04"]
[Round "6.44"]
[White "Reutimann, Hans Peter"]
[Black "Gehrmann, Dorit"]
[Result "1-0"]
[BlackElo "1915"]
[BlackTeam "SV Eutin"]
[EventDate "2015.??.??"]
[PlyCount "63"]
[WhiteElo "1780"]
[WhiteTeam "SC Duebendorf"]

1. d4 d5 2. Nf3 Nf6 3. Bf4 e6 4. e3 Bd6 5. Ne5 O-O 6. Nd2 c5 7. c3 Nc6 8. Bd3
Qc7 9. Ndf3 cxd4 10. exd4 h6 11. Qe2 a6 12. O-O b5 13. Bg3 Nh5 14. Nxc6 Nxg3 15.
hxg3 Qxc6 16. Rac1 Qc7 17. b3 Bb7 18. Nh2 Qe7 19. Ng4 Rac8 20. f4 f5 21. Ne5
Bxe5 22. Qxe5 Rc7 23. c4 bxc4 24. bxc4 dxc4 25. Bxc4 Rc6 26. d5 Rb6 27. Bb3 Bc8
28. dxe6 Kh8 29. Rc7 Qf6 30. Qxf6 gxf6 31. e7 Re8 32. Bf7  1-0

[Event "9.Offene Senioren SH 2015"]
[Site "Buesum"]
[Date "2015.10.04"]
[Round "6.45"]
[White "Wulf, Adalbert"]
[Black "Manthey, Wolfgang"]
[Result "0-1"]
[BlackElo "1780"]
[BlackTeam "Helmstedter SV"]
[EventDate "2015.??.??"]
[PlyCount "60"]
[WhiteElo "1914"]
[WhiteTeam "SV Ennigerloh-Oelde"]

1. d4 Nf6 2. Nc3 c5 3. d5 g6 4. e4 d6 5. Nf3 Bg7 6. Bd2 O-O 7. Be2 a6 8. a4 Bg4
9. Ng5 Bxe2 10. Qxe2 h6 11. Nh3 e5 12. f3 Nh5 13. g4 Qh4+ 14. Nf2 Nf4 15. Qf1
Nd7 16. Ne2 b5 17. a5 c4 18. Bb4 Nc5 19. O-O-O Rac8 20. Ng3 Rc7 21. Kb1 Rfc8 22.
Ne2 Qf6 23. h4 Qe7 24. Ng3 Ncd3 25. cxd3 cxd3 26. h5 Rc2 27. Bd2 Qc7 28. Bc3
Rxb2+ 29. Bxb2 Qc2+ 30. Ka2 Rc4  0-1

[Event "9.Offene Senioren SH 2015"]
[Site "Buesum"]
[Date "2015.10.04"]
[Round "6.46"]
[White "Schwetje, Siegfried"]
[Black "Petersen, Kay"]
[Result "1/2-1/2"]
[BlackElo "1746"]
[BlackTeam "Heikendorfer SV"]
[EventDate "2015.??.??"]
[PlyCount "177"]
[WhiteElo "1906"]
[WhiteTeam "SC Bad Salzdetfurth"]

1. d4 d5 2. c4 e6 3. Nf3 b6 4. cxd5 exd5 5. Nc3 Nf6 6. Bg5 Be7 7. h3 c6 8. e3
O-O 9. Bd3 Be6 10. O-O Nfd7 11. Bf4 Re8 12. Rc1 Nf8 13. a3 Bd6 14. Bxd6 Qxd6 15.
Ne2 f6 16. Ng3 Qd7 17. Kh2 Qd6 18. Kh1 Nbd7 19. Rc3 c5 20. Nf5 Bxf5 21. Bxf5 g6
22. Bb1 c4 23. Re1 Re6 24. Nd2 b5 25. f4 f5 26. Nf3 Nf6 27. Ne5 Ne4 28. Bxe4
dxe4 29. Qe2 Rc8 30. Ra1 Re7 31. b3 Rec7 32. bxc4 bxc4 33. Qa2 Qd5 34. Rac1 Ne6
35. Qe2 g5 36. g3 gxf4 37. gxf4 Qd8 38. Rg1+ Rg7 39. Rxg7+ Nxg7 40. Rxc4 Rb8 41.
Rb4 Rb6 42. Rxb6 Qxb6 43. Qc4+ Ne6 44. Qb4 Qc7 45. Qb2 Ng7 46. Qb3+ Kf8 47. Qc4
Qb7 48. Qb4+ Qxb4 49. axb4 Ne6 50. Nc6 a6 51. Kg2 Nc7 52. Na7 Ke7 53. Nc8+ Kd7
54. Nb6+ Kc6 55. Nc4 Nb5 56. Kf2 Nc3 57. Na3 Nd5 58. Nc2 Kb5 59. Ke2 Kc4 60. Kd2
h6 61. Ke2 Kb3 62. Kd2 Kc4 63. h4 h5 64. Ke2 Nxb4 65. Nxb4 Kxb4 66. Kd2 a5 67.
Kc2 a4 68. Kb2 Kc4 69. Ka3 Kd3 70. d5 Kxe3 71. d6 Kxf4 72. d7 e3 73. d8=Q Kf3
74. Qd5+ Kg4 75. Qe6 Kf4 76. Qh6+ Ke4 77. Qxh5 f4 78. Qg6+ Kf3 79. Qc6+ Kf2 80.
Qh1 e2 81. h5 e1=Q 82. Qh4+ Ke2 83. Qe7+ Kf2 84. Qxe1+ Kxe1 85. h6 f3 86. h7 f2
87. h8=Q f1=Q 88. Qh4+ Ke2 89. Qc4+  1/2-1/2

[Event "9.Offene Senioren SH 2015"]
[Site "Buesum"]
[Date "2015.10.04"]
[Round "6.47"]
[White "Garms, Ilse"]
[Black "Bendisch, Juergen"]
[Result "1/2-1/2"]
[BlackElo "1901"]
[BlackTeam "SV Hennef"]
[EventDate "2015.??.??"]
[PlyCount "69"]
[WhiteElo "1745"]
[WhiteTeam "ESV Eberswalde"]

1. d4 d5 2. Nf3 Nf6 3. e3 Bg4 4. Be2 e6 5. Nbd2 Nbd7 6. O-O Bd6 7. c4 c6 8. b3
O-O 9. Bb2 Re8 10. Ne5 Bxe2 11. Qxe2 Ne4 12. Rfd1 Nxd2 13. Rxd2 f6 14. Nd3 Qe7
15. Rad1 Qf7 16. c5 Bc7 17. b4 e5 18. dxe5 Nxe5 19. Nxe5 Bxe5 20. Bd4 Qg6 21.
Qf3 a6 22. a3 Re7 23. g3 Rae8 24. Re1 Bxd4 25. Rxd4 Re4 26. Rxe4 Rxe4 27. Qg2
Rc4 28. Qf1 h6 29. Rc1 Rc2 30. Qd1 Rxc1 31. Qxc1 Qd3 32. Kg2 f5 33. Qb2 Qe4+ 34.
Kg1 Kf7 35. Qd4  1/2-1/2

[Event "9.Offene Senioren SH 2015"]
[Site "Buesum"]
[Date "2015.10.04"]
[Round "6.48"]
[White "Nickel, Juergen"]
[Black "Graffenberger, Wilhelm"]
[Result "1-0"]
[BlackElo "1730"]
[BlackTeam "Hamburger SK"]
[EventDate "2015.??.??"]
[PlyCount "91"]
[WhiteElo "1899"]
[WhiteTeam "Flensburger SK"]

1. e4 c5 2. Nf3 d6 3. d4 cxd4 4. Nxd4 Nf6 5. Nc3 a6 6. Bc4 g6 7. Bb3 Bg7 8. h3
O-O 9. O-O Bd7 10. Be3 Nc6 11. Qd2 Nxd4 12. Bxd4 h6 13. Be3 Kh7 14. f4 Bc6 15.
Bd5 Nxd5 16. exd5 Bd7 17. Bd4 f6 18. Rae1 Re8 19. Rf3 e5 20. dxe6 Bxe6 21. Rfe3
Qd7 22. Ne4 Rf8 23. Bc3 Rad8 24. Ba5 f5 25. Ng5+ hxg5 26. Bxd8 Qxd8 27. Rxe6
Qb6+ 28. Kh1 Qxb2 29. Qxd6 g4 30. hxg4 fxg4 31. Qd3 Rf5 32. g3 Rh5+ 33. Kg2 Bf6
34. Qd7+ Kh6 35. Qd3 Kh7 36. Rh1 Rxh1 37. Kxh1 Qd4 38. Qxd4 Bxd4 39. Re7+ Kh6
40. Rxb7 a5 41. Rd7 Bc3 42. Kg2 Be1 43. c4 g5 44. fxg5+ Kxg5 45. c5 Bb4 46. c6 
1-0

[Event "9.Offene Senioren SH 2015"]
[Site "Buesum"]
[Date "2015.10.04"]
[Round "6.49"]
[White "Weck, Uwe"]
[Black "Kluegel, Jan"]
[Result "0-1"]
[BlackElo "1882"]
[BlackTeam "SV VHS Rendsburg"]
[EventDate "2015.??.??"]
[PlyCount "60"]
[WhiteElo "1697"]
[WhiteTeam "SK Kaltenkirchen"]

1. e4 c6 2. d4 d5 3. exd5 cxd5 4. Nf3 Nf6 5. Nc3 Nc6 6. Bg5 e6 7. Bd3 Be7 8. O-O
h6 9. Bf4 a6 10. a3 O-O 11. Ne2 Nh5 12. Be3 f5 13. Qd2 Bd6 14. Bxh6 gxh6 15.
Qxh6 Qe8 16. Ng5 Nf6 17. f4 Qh5 18. Qxh5 Nxh5 19. c3 Bd7 20. Rae1 Kg7 21. Rf2
Ne7 22. c4 Ng6 23. g3 Nf6 24. Nc3 Ne4 25. Bxe4 dxe4 26. c5 Be7 27. h4 Bxg5 28.
hxg5 Bc6 29. Ree2 Rad8 30. Rh2 Rxd4  0-1

[Event "9.Offene Senioren SH 2015"]
[Site "Buesum"]
[Date "2015.10.04"]
[Round "6.50"]
[White "Ungar, Benedict"]
[Black "Merettig, Georg"]
[Result "1/2-1/2"]
[BlackElo "1880"]
[BlackTeam "SV Caissa Wolfenbuettel"]
[EventDate "2015.??.??"]
[PlyCount "38"]
[WhiteElo "1690"]
[WhiteTeam "Delmenhorster SK"]

1. Nf3 Nc6 2. g3 f5 3. Bg2 e5 4. d3 d5 5. c4 Nf6 6. O-O Bc5 7. Qc2 d4 8. a3 a5
9. e3 O-O 10. exd4 Nxd4 11. Nxd4 Bxd4 12. Be3 Bxe3 13. fxe3 Ng4 14. Qd2 Qg5 15.
e4 f4 16. Nc3 Ne3 17. Rf2 Ra6 18. Nd5 Rh6 19. Nxf4 Rxf4  1/2-1/2

[Event "9.Offene Senioren SH 2015"]
[Site "Buesum"]
[Date "2015.10.04"]
[Round "6.51"]
[White "Bachmann, Friedrich"]
[Black "Smits, Oswald"]
[Result "1-0"]
[BlackElo "1866"]
[BlackTeam "SF Taunus"]
[EventDate "2015.??.??"]
[PlyCount "79"]
[WhiteElo "1675"]
[WhiteTeam "SC Bad Salzdetfurth"]

1. e4 e6 2. d4 d5 3. exd5 exd5 4. Nc3 Nf6 5. Be2 Bb4 6. Bd2 Be6 7. a3 Ba5 8. Bf3
c6 9. Na4 Bxd2+ 10. Qxd2 b6 11. Nc3 O-O 12. Nge2 Re8 13. O-O Qd7 14. h3 h6 15.
Rfe1 Na6 16. Nf4 Bf5 17. Nh5 Nh7 18. Re5 Ng5 19. Be2 Nc7 20. Re1 Nh7 21. Bd3
Bxd3 22. Qxd3 Ne6 23. Ne2 g6 24. Qg3 Kf8 25. Nhf4 Ng7 26. Qf3 Kg8 27. Qg3 Rxe5
28. dxe5 Nf5 29. Qg4 Kh8 30. Nd4 h5 31. Qd1 Re8 32. e6 Qd6 33. g3 Kg7 34. Nxh5+
Kf8 35. Nf4 Ng7 36. Qf3 Ng5 37. Nxg6+ Kg8 38. Qf6 N5xe6 39. Nxe6 Rxe6 40. Rxe6 
1-0

[Event "9.Offene Senioren SH 2015"]
[Site "Buesum"]
[Date "2015.10.04"]
[Round "6.54"]
[White "Kuehnen, Gerhard"]
[Black "Brandt, Fred"]
[Result "0-1"]
[BlackElo "1839"]
[BlackTeam "Koenigsjaeger Sued-West"]
[EventDate "2015.??.??"]
[PlyCount "68"]
[WhiteElo "1649"]
[WhiteTeam "Flensburger SK"]

1. d4 Nf6 2. Nf3 e6 3. c4 d5 4. e3 Bd6 5. Nc3 c6 6. h3 Nbd7 7. Qd3 b6 8. e4 dxe4
9. Nxe4 Nxe4 10. Qxe4 Bb7 11. Bd3 Bb4+ 12. Bd2 Bxd2+ 13. Nxd2 Nf6 14. Qe3 Qd6
15. O-O Rd8 16. Nb3 O-O 17. Rfd1 Rfe8 18. Qf3 Re7 19. c5 Qc7 20. Rd2 Rde8 21.
Re2 e5 22. Rae1 exd4 23. Rxe7 Rxe7 24. Rxe7 Qxe7 25. cxb6 axb6 26. Qf5 c5 27. a4
g6 28. Qg5 Kg7 29. Qh4 Bd5 30. Bc2 Qe2 31. Nxd4 Qe1+ 32. Kh2 Qe5+ 33. f4 Qxd4
34. b3 Qd2  0-1